| 000 | 01588nam a2200481 i 4500 | ||
|---|---|---|---|
| 001 | 22218 | ||
| 003 | KOSZ 005 | ||
| 005 | 20200813112822.0 | ||
| 008 | 990506s1983 pl a f |001 0 pol | ||
| 015 | _aUWD 1983/8720 | ||
| 020 | _a8320405548 | ||
| 035 | _a991009353299705066 | ||
| 035 | _a(PL-WaBN)b12534419-48omnis_nlop | ||
| 035 | _ab12534419 | ||
| 035 | _a(OCoLC)749971059 | ||
| 035 | _a(PL)b0000001253441 | ||
| 035 | _a(EXLNZ-48OMNIS_NETWORK)9910485455905606 | ||
| 040 |
_aWA N _cWA N _dKOSZ 005/HR |
||
| 041 | 0 | _apol | |
| 046 | _k1983 | ||
| 080 | _a621.1.01:536.7 | ||
| 100 | 1 |
_aWiśniewski, Stefan _d(1923-1993) _eAutor |
|
| 245 | 1 | 0 |
_aPomiary temperatury w badaniach silników i urządzeń cieplnych / _cStefan Wiśniewski. |
| 260 |
_aWarszawa : _bWydawnictwa Naukowo-Techniczne, _c1983. |
||
| 300 |
_a339, [1] s. : _brys., wykr. ; _c24 cm. |
||
| 336 |
_aTekst _btxt _2rdacontent |
||
| 337 |
_aBez urządzenia pośredniczącego _bn _2rdamedia |
||
| 338 |
_aWolumin _bnc _2rdacarrier |
||
| 380 | _aKsiążki | ||
| 388 | _a1901-2000 | ||
| 388 | _a1945-1989 | ||
| 504 | _aBibliogr. przy rozdz.- Indeks. | ||
| 650 | 7 |
_aSilniki _2DBN |
|
| 650 | 7 |
_aTemperatura _2DBN |
|
| 650 | 7 | _aPomiary | |
| 650 | 7 |
_aTermodynamika techniczna _2DBN |
|
| 650 | 7 | _aUrządzenia | |
| 658 | _aInżynieria i technika | ||
| 710 | 2 |
_aWydawnictwa Naukowo-Techniczne _4pbl |
|
| 856 |
_uhttp://koha.tu.koszalin.pl/cgi-bin/koha/opac-detail.pl?biblionumber=22218 _yKatalog online BPK |
||
| 942 |
_2UKD _cKS |
||
| 999 |
_c22218 _d22218 |
||